<?xml version="1.0" encoding="UTF-8"?>
<collection xmlns="http://www.loc.gov/MARC21/slim">
 <record>
  <leader>00297cam a2200109 7i4500</leader>
  <controlfield tag="001">0000027618</controlfield>
  <controlfield tag="005">20020827090000.0</controlfield>
  <datafield tag="090" ind1="0" ind2="0">
   <subfield code="a">QH 302.5 </subfield>
   <subfield code="b">D124</subfield>
  </datafield>
  <datafield tag="245" ind1="1" ind2="0">
   <subfield code="a">Daftar istilah biologi.</subfield>
  </datafield>
  <datafield tag="260" ind1="0" ind2="0">
   <subfield code="a">Serdang, Selangor: </subfield>
   <subfield code="b">UPM, </subfield>
   <subfield code="c">1980.</subfield>
  </datafield>
  <datafield tag="300" ind1=" " ind2=" ">
   <subfield code="a">6p.: </subfield>
   <subfield code="b">ill.; </subfield>
   <subfield code="c">30cm..</subfield>
  </datafield>
  <datafield tag="999" ind1=" " ind2=" ">
   <subfield code="a">1000397455</subfield>
   <subfield code="b">Book</subfield>
   <subfield code="c">Rujukan</subfield>
   <subfield code="e">KOLEKSI RUJUKAN</subfield>
  </datafield>
 </record>
</collection>
